000 00517nam a2200181Ia 4500
005 20250508152708.0
008 008 250505s9999 xx 000 0 eng d
037 _aTextual
040 _aFEDL
_beng
_cFEDL
041 _aeng
_2eng
084 _a378.1, WOO
_qFEDL
100 _aWoodburne Lloyd S
245 0 _aPrinciples of college and university administration
260 _aStanford
_bStanford Univeristy Press
_c1958
300 _a197p.
942 _cTEXL
_h378.1, WOO
999 _c1338102
_d1338102